000 00876cam a2200289 a 4500
999 _c7545
_d7545
003 OSt
005 20200312134826.0
008 120309s2012 caua b 001 0 eng d
020 _a9781847870766
042 _alccopycat
043 _ae-uk---
050 0 0 _aHD606
_b.P37 2012
082 0 4 _a307.12
_223
_bPAR
100 1 _aParker, Gavin,
_d1969-
245 1 0 _aKey concepts in planning /
_cGavin Parker and Joe Doak.
260 _aLos Angeles :
_bSAGE,
_c2012.
300 _a281 p. :
_bill. ;
_c21 cm.
490 1 _aKey concepts in human geography
504 _aIncludes bibliographical references (p. [242]-266) and index.
650 0 _aLand use
_zGreat Britain
_xPlanning.
650 0 _aCity planning
_zGreat Britain.
650 0 _aLand use
_xPlanning.
650 0 _aCity planning.
700 1 _aDoak, Joe.
830 0 _aKey concepts in human geography.
942 _2ddc